000 00664nam a2200181 a 4500
008 120416s1976 ||||||||||||||||| || u
020 _a0070415102
050 _aREF TA 151 Sta
100 _aMerritt, Frederick S
245 1 0 _aStandard handbook for civil engineers
_cedited by Frederick S. Merritt
250 _a2nd ed.
260 _aNew York:
_bMcGraw-Hill
_c1976
300 _a1 vol. (in various paging : ill.
350 _a0.00
500 _aIncludes bibliographies and index.
650 _aCITY PLANNING--HANDBOOKS, MANUALS
995 _D0.00
_FCBU-MAIN LIBRARY (Kitwe)
_H1
_I40.00
_UREFERENCE
_ZReference Collection
999 _c58162
_d58162